[Event "XXXIV Festival Conca della Presolana Open A"]
[Site "Bratto - Castione della Presolana ITA"]
[Date "2014.08.23"]
[Round "1"]
[White "Girgenti, Giuseppe"]
[Black "Coqueraut, Jean Dominique"]
[WhiteElo "1960"]
[BlackElo "1794"]
[Result "1-0"]
[PlyCount "149"]
[EventDate "2014.08.23"]

1. e4 d6 2. d4 e5 3. dxe5 dxe5 4. Qxd8+ Kxd8 5. Bc4 f6 6. Nc3 c6 7. Be3 Bb4 8.
Nge2 Kc7 9. O-O-O Ne7 10. a3 Bxc3 11. Nxc3 Rd8 12. Bc5 Ng6 13. Rxd8 Kxd8 14.
Rd1+ Ke8 15. Bg8 h6 16. Bh7 Kf7 17. Bxg6+ Kxg6 18. Rd8 Na6 19. Bxa7 Rxa7 20.
Rxc8 Nc5 21. Rd8 Kf7 22. Rd2 Ke7 23. f3 Ne6 24. Ne2 b5 25. c3 Nc5 26. Kc2 Ra8
27. Nc1 Ra7 28. Nd3 Ne6 29. Nb4 Rc7 30. b3 Rc8 31. Kb2 Nc5 32. Kc2 h5 33. Nd3
Ne6 34. b4 Ra8 35. Kb2 Ra7 36. Nc1 Nf8 37. Nb3 Nd7 38. Na5 Rc7 39. Kb3 Nb6 40.
c4 g5 41. c5 Nc8 42. a4 Ke6 43. axb5 cxb5 44. Kc3 h4 45. Nb3 Ke7 46. Na1 Nb6
47. Kb3 Nc4 48. Ra2 Rd7 49. Kc3 Rd1 50. Ra7+ Rd7 51. Rxd7+ Kxd7 52. Nc2 Kc6 53.
Kd3 Nb2+ 54. Ke2 Na4 55. Kd2 Kd7 56. Ne3 Kc6 57. Kc2 Nxc5 58. bxc5 Kxc5 59. Nf5
Kc4 60. Nd6+ Kd4 61. Nxb5+ Ke3 62. Nc3 Kf2 63. Kd2 h3 64. Nd1+ Kxg2 65. Ke2
Kxh2 66. Kf2 Kh1 67. Ne3 Kh2 68. Ng4+ Kh1 69. Nxf6 g4 70. Nxg4 h2 71. f4 exf4
72. e5 f3 73. Nxh2 Kxh2 74. e6 Kh3 75. e7 1-0

[Event "XXXIV Festival Conca della Presolana Open A"]
[Site "Bratto - Castione della Presolana ITA"]
[Date "2014.08.23"]
[Round "1"]
[White "Guerini, Silvia jr"]
[Black "Romagnoli, Thomas"]
[WhiteElo "1858"]
[BlackElo "1708"]
[Result "0-1"]
[PlyCount "78"]
[EventDate "2014.08.23"]

1. e4 e5 2. Nf3 Nc6 3. d4 exd4 4. Bc4 Nf6 5. O-O d6 6. Nxd4 Be7 7. Nc3 O-O 8.
f3 Re8 9. Kh1 Nxd4 10. Qxd4 Be6 11. Be2 Nd7 12. Qf2 Bf6 13. Bd2 Ne5 14. Nd5
Bxd5 15. exd5 Nd7 16. Rab1 Nb6 17. c4 Na4 18. Bc1 Re7 19. Bd3 Nc5 20. Bf5 Qe8
21. b4 Nd7 22. Bxd7 Qxd7 23. Bf4 Qf5 24. Qd2 Rae8 25. Rbe1 h6 26. Bg3 Bg5 27.
Qf2 b6 28. Rxe7 Rxe7 29. Re1 Qd3 30. Rxe7 Bxe7 31. Qe1 Qxc4 32. h3 Kf8 33. Qd2
Bf6 34. a3 Bd4 35. Bh4 b5 36. f4 f6 37. Qd1 Be3 38. Qg4 Qf1+ 39. Kh2 Bg1+ 0-1

[Event "XXXIV Festival Conca della Presolana Open A"]
[Site "Bratto - Castione della Presolana ITA"]
[Date "2014.08.23"]
[Round "1"]
[White "Iasman, Inna"]
[Black "Listello, Massimiliano"]
[WhiteElo "1945"]
[BlackElo "1787"]
[Result "1-0"]
[PlyCount "53"]
[EventDate "2014.08.23"]

1. d4 Nf6 2. c4 e6 3. Nf3 c5 4. d5 b5 5. dxe6 fxe6 6. cxb5 d5 7. e3 Bd6 8. Nc3
O-O 9. Bd3 Nbd7 10. e4 Bb7 11. exd5 exd5 12. O-O Qc7 13. h3 Rfe8 14. Bd2 c4 15.
Bf5 Bc5 16. Bg5 Qd6 17. Ne2 Ne5 18. Nfd4 Ne4 19. Be3 Qf6 20. a4 g6 21. Bxe4
dxe4 22. Qc2 Bd5 23. b4 Bxb4 24. Nc3 Bxc3 25. Qxc3 Nd3 26. a5 Reb8 27. Ne2 1-0

[Event "XXXIV Festival Conca della Presolana Open A"]
[Site "Bratto - Castione della Presolana ITA"]
[Date "2014.08.23"]
[Round "1"]
[White "Lavorgna, Filippo"]
[Black "Coppola, Federico"]
[WhiteElo "1753"]
[BlackElo "1904"]
[Result "0-1"]
[PlyCount "116"]
[EventDate "2014.08.23"]

1. Nf3 c5 2. c4 Nc6 3. g3 g6 4. Nc3 Bg7 5. Bg2 d6 6. O-O e6 7. e4 Nge7 8. d3
O-O 9. Be3 Nd4 10. Qd2 f5 11. Ne1 Rb8 12. Bh6 a6 13. Bxg7 Kxg7 14. Nc2 Nxc2 15.
Qxc2 f4 16. f3 e5 17. Ne2 g5 18. Kf2 Ng6 19. Ke1 b5 20. b3 Be6 21. Kd2 g4 22.
fxg4 Bxg4 23. gxf4 Bxe2 24. Kxe2 Nxf4+ 25. Kd1 Kh8 26. Qd2 Qg5 27. Bf3 Rg8 28.
Kc2 Qh4 29. Qf2 Qxf2+ 30. Rxf2 Rg7 31. Raf1 Rbg8 32. Kd2 b4 33. Ke3 Rg1 34. Be2
R8g2 35. Rxg1 Rxg1 36. Rf1 Rg6 37. Rf2 Kg7 38. Kf3 Kf6 39. Rf1 Rg7 40. Ke3 Rg2
41. Rf2 Rxf2 42. Kxf2 Kg5 43. Bf1 Kg4 44. Ke3 Ne6 45. Bg2 Nd4 46. Bf1 Nc2+ 47.
Kd2 Na3 48. Bg2 Nb1+ 49. Kc2 Nc3 50. Kd2 Nxa2 51. Bf1 a5 52. Kc2 Nc3 53. Bg2 a4
54. bxa4 Nxa4 55. Bf1 Kf3 56. Bh3 Ke3 57. Bf5 h6 58. h3 Nc3 0-1

[Event "XXXIV Festival Conca della Presolana Open A"]
[Site "Bratto - Castione della Presolana ITA"]
[Date "2014.08.23"]
[Round "1"]
[White "Mascheroni, Maurizio"]
[Black "D'Amato, Piergiorgio"]
[WhiteElo "1996"]
[BlackElo "1833"]
[Result "1/2-1/2"]
[PlyCount "47"]
[EventDate "2014.08.23"]

1. e4 e6 2. d4 d5 3. Nd2 Nf6 4. e5 Nfd7 5. Bd3 c5 6. c3 Nc6 7. Ne2 cxd4 8. cxd4
f6 9. exf6 Nxf6 10. Nf3 Bd6 11. O-O O-O 12. a3 a6 13. Bg5 Qe8 14. Qc2 Qh5 15.
Ng3 Bxg3 16. fxg3 Nxd4 17. Nxd4 Qxg5 18. Rae1 Qh5 19. Nxe6 Bxe6 20. Rxe6 Ne4
21. Rxf8+ Rxf8 22. Bxe4 dxe4 23. Rxe4 h6 24. b4 1/2-1/2

[Event "XXXIV Festival Conca della Presolana Open A"]
[Site "Bratto - Castione della Presolana ITA"]
[Date "2014.08.23"]
[Round "1"]
[White "Milanesi, Erminio"]
[Black "Mortola, Alberto"]
[WhiteElo "1794"]
[BlackElo "1949"]
[Result "1/2-1/2"]
[PlyCount "81"]
[EventDate "2014.08.23"]

1. g3 f5 2. d4 Nf6 3. Bg2 g6 4. f4 Bg7 5. Nh3 d5 6. O-O Ne4 7. c3 Nd7 8. Nd2
Ndf6 9. Nf3 O-O 10. Ne5 c6 11. Qb3 Qb6 12. Qxb6 axb6 13. Nf2 b5 14. Nxe4 fxe4
15. b4 Bf5 16. e3 Ra6 17. h3 Rfa8 18. Rf2 Nd7 19. Nxd7 Bxd7 20. Bf1 b6 21. Rc2
e6 22. a3 c5 23. Rca2 cxb4 24. cxb4 Rc8 25. Bd2 Bf8 26. Kg2 Ra7 27. Be2 Rac7
28. Bd1 h6 29. Rb1 Bd6 30. Bb3 Kf7 31. Rbb2 Kf6 32. Rc2 g5 33. Rxc7 Rxc7 34.
Rc2 gxf4 35. gxf4 Ra7 36. Ra2 Be8 37. Bd1 Rg7+ 38. Kh2 Rc7 39. Rc2 Rxc2 40.
Bxc2 Bh5 41. Be1 1/2-1/2

[Event "XXXIV Festival Conca della Presolana Open A"]
[Site "Bratto - Castione della Presolana ITA"]
[Date "2014.08.13"]
[Round "1"]
[White "Oppici, Gabriele"]
[Black "Gennaro, Isabella"]
[WhiteElo "1963"]
[BlackElo "1819"]
[Result "1-0"]
[PlyCount "77"]
[EventDate "2014.08.23"]

1. d4 d5 2. Nf3 Nf6 3. Bf4 e6 4. e3 c5 5. c3 Be7 6. Bd3 O-O 7. Ne5 Nbd7 8. Nd2
h6 9. h4 c4 10. Bc2 b5 11. g4 Nxe5 12. dxe5 Ne4 13. Nxe4 dxe4 14. Bxe4 Rb8 15.
g5 Qxd1+ 16. Rxd1 h5 17. g6 Bb7 18. gxf7+ Rxf7 19. Bxb7 Rxb7 20. Ke2 Rf5 21.
Bg3 Bc5 22. Rd8+ Rf8 23. Rhd1 Rxd8 24. Rxd8+ Kf7 25. f4 b4 26. Be1 Be7 27. Rd4
bxc3 28. Bxc3 Bxh4 29. Rxc4 Bd8 30. e4 g6 31. Rc8 Rd7 32. Rc6 h4 33. f5 Re7 34.
Kf3 exf5 35. exf5 gxf5 36. Rf6+ Kg7 37. Rxf5 Kg6 38. Rf6+ Kg5 39. Bd2+ 1-0

[Event "XXXIV Festival Conca della Presolana Open A"]
[Site "Bratto - Castione della Presolana ITA"]
[Date "2014.08.23"]
[Round "1"]
[White "Rorato, Renzo"]
[Black "Dormio, Luca"]
[WhiteElo "2012"]
[BlackElo "1840"]
[Result "1/2-1/2"]
[PlyCount "51"]
[EventDate "2014.08.23"]

1. Nf3 Nf6 2. c4 d6 3. d4 g6 4. Nc3 Bg7 5. e4 O-O 6. Be2 c5 7. O-O a6 8. Bg5
cxd4 9. Nxd4 Nc6 10. Nc2 Qc7 11. Qd2 Re8 12. Rac1 Be6 13. Rfd1 Ne5 14. b3 Rac8
15. Ne3 Qa5 16. Ned5 Bxd5 17. exd5 Ned7 18. Be3 Nc5 19. Ne4 Qxd2 20. Nxf6+ Bxf6
21. Rxd2 a5 22. g3 Rc7 23. Bxc5 Rxc5 24. a4 Rec8 25. Rcc2 Kf8 26. h4 1/2-1/2

[Event "XXXIV Festival Conca della Presolana Open A"]
[Site "Bratto - Castione della Presolana ITA"]
[Date "2014.08.23"]
[Round "1"]
[White "Saracco, Marco"]
[Black "Dubois, Martine"]
[WhiteElo "1840"]
[BlackElo "2003"]
[Result "1/2-1/2"]
[PlyCount "62"]
[EventDate "2014.08.23"]

1. d4 Nf6 2. c4 e5 3. dxe5 Ng4 4. Nf3 Bc5 5. e3 Nc6 6. Be2 O-O 7. O-O Re8 8. b3
Ncxe5 9. Nxe5 Nxe5 10. Bb2 d6 11. Nd2 a5 12. a3 Bf5 13. Nf3 Ng6 14. Qd2 Bb6 15.
Nd4 Be4 16. Bd3 Nh4 17. Bxe4 Rxe4 18. f3 Re8 19. Rae1 Qg5 20. Kh1 Bxd4 21. Bxd4
Nf5 22. f4 Qh6 23. Kg1 Re4 24. c5 dxc5 25. Bxc5 b6 26. Qd5 Rae8 27. Qxf5 bxc5
28. Qxc5 Qe6 29. Qxc7 Qxb3 30. Qxa5 h6 31. Qc5 Qa4 1/2-1/2

[Event "XXXIV Festival Conca della Presolana Open A"]
[Site "Bratto - Castione della Presolana ITA"]
[Date "2014.08.23"]
[Round "1"]
[White "Scagliotti, Guglielmo"]
[Black "Papa, Angelo"]
[WhiteElo "1910"]
[BlackElo "1754"]
[Result "1/2-1/2"]
[PlyCount "120"]
[EventDate "2014.08.23"]

1. e4 g6 2. d4 Bg7 3. Nc3 c6 4. Be3 d6 5. Bd3 Nf6 6. h3 O-O 7. Qd2 Nbd7 8. Nf3
b5 9. a3 a6 10. Bh6 e5 11. dxe5 dxe5 12. O-O Re8 13. Bg5 Qc7 14. Rad1 Bb7 15.
Rfe1 Nc5 16. Qe3 Ne6 17. Bh4 Rad8 18. Ne2 Nf4 19. Nxf4 exf4 20. Qc1 Rd7 21.
Bxf6 Bxf6 22. c3 c5 23. Bc2 Rde7 24. Nd2 c4 25. f3 Bh4 26. Re2 Qc5+ 27. Kh1 Bf2
28. Nf1 g5 29. Qd2 Bh4 30. Qd6 Qxd6 31. Rxd6 Re6 32. Rxe6 Rxe6 33. Kg1 Kf8 34.
Nd2 Ke7 35. Kf1 Kd6 36. e5+ Rxe5 37. Rxe5 Kxe5 38. Bxh7 f5 39. a4 Bc8 40. axb5
axb5 41. Bg8 g4 42. hxg4 fxg4 43. Bf7 Bd7 44. Bh5 g3 45. Ke2 Bd8 46. Bg4 Bc6
47. b3 cxb3 48. Nxb3 Bb6 49. Kd3 Bf2 50. Ke2 Bb6 51. Kd2 Be8 52. Bc8 Bc6 53.
Bg4 Bd5 54. Kc2 Bc6 55. Nc1 Be3 56. Nd3+ Kd6 57. Nb4 Bb6 58. Nd3 Be3 59. Nb4
Bd5 60. Nxd5 Kxd5 1/2-1/2

[Event "XXXIV Festival Conca della Presolana Open A"]
[Site "Bratto - Castione della Presolana ITA"]
[Date "2014.08.23"]
[Round "1"]
[White "Villa, Claudio"]
[Black "Foglieni, Matteo"]
[WhiteElo "1796"]
[BlackElo "1961"]
[Result "0-1"]
[PlyCount "80"]
[EventDate "2014.08.23"]

1. b3 e5 2. Bb2 Nc6 3. e3 d6 4. c4 g6 5. Nc3 Bg7 6. g3 Nge7 7. Bg2 O-O 8. Nge2
Be6 9. O-O Qd7 10. Nd5 Bxd5 11. cxd5 Nb4 12. e4 f5 13. Nc3 f4 14. d3 a5 15. f3
h5 16. Rf2 c6 17. Na4 cxd5 18. a3 b5 19. Nb6 Qa7 20. Nxa8 Na6 21. b4 Bh6 22.
Kf1 fxg3 23. hxg3 Be3 24. Rc2 Rxa8 25. Bc3 Rf8 26. Bd2 Bg1 27. Be1 dxe4 28.
dxe4 d5 29. Qd3 Bd4 30. Bf2 dxe4 31. Qxe4 Nf5 32. Qd5+ Kh7 33. Bxd4 exd4 34.
Ke1 d3 35. Rc6 Qe3+ 36. Kd1 d2 37. Qd7+ Kh8 38. Qxd2 Qg1+ 39. Kc2 Qxa1 40. Rxa6
Rc8+ 0-1

[Event "XXXIV Festival Conca della Presolana Open A"]
[Site "Bratto - Castione della Presolana ITA"]
[Date "2014.08.24"]
[Round "2"]
[White "Coppola, Federico"]
[Black "Girgenti, Giuseppe"]
[WhiteElo "1904"]
[BlackElo "1960"]
[Result "1-0"]
[PlyCount "123"]
[EventDate "2014.08.23"]

1. Nf3 Nf6 2. c4 c6 3. g3 d5 4. Bg2 Nbd7 5. d4 e6 6. Nbd2 Bd6 7. Qc2 O-O 8. O-O
Re8 9. Rd1 Qe7 10. e4 dxe4 11. Nxe4 Nxe4 12. Qxe4 Nf6 13. Qc2 h6 14. b3 Bd7 15.
c5 Bc7 16. Ne5 Bxe5 17. dxe5 Nd5 18. Bd2 b6 19. Rac1 b5 20. Qe4 a5 21. Bf1 f5
22. exf6 Nxf6 23. Qg6 Qf7 24. Qxf7+ Kxf7 25. Bc3 Nd5 26. Be5 Bc8 27. Rd3 b4 28.
Rf3+ Kg8 29. Bd3 Ba6 30. Bg6 Rf8 31. Rxf8+ Rxf8 32. Re1 Bb5 33. f4 a4 34. Bd6
Ra8 35. Rxe6 axb3 36. axb3 Ra1+ 37. Kf2 Nf6 38. Be5 Ng4+ 39. Kf3 Nxe5+ 40. Rxe5
Ra8 41. Re8+ Rxe8 42. Bxe8 Kf8 43. Bg6 Ke7 44. Ke3 Ke6 45. Kd4 Bf1 46. Be4 Bb5
47. g4 Be2 48. g5 hxg5 49. fxg5 Kd7 50. h4 Kc7 51. Bd3 Bf3 52. Kc4 Kd7 53. Bf5+
Kc7 54. Kxb4 Bh5 55. Kc3 Bf7 56. b4 Be8 57. Kd4 Kb7 58. Ke5 Kc7 59. g6 Kd8 60.
Kd6 Bd7 61. Be4 Be8 62. h5 1-0

[Event "XXXIV Festival Conca della Presolana Open A"]
[Site "Bratto - Castione della Presolana ITA"]
[Date "2014.08.24"]
[Round "2"]
[White "Coqueraut, Jean Dominique"]
[Black "Franciosi, Claudio"]
[WhiteElo "1794"]
[BlackElo "1727"]
[Result "1-0"]
[PlyCount "77"]
[EventDate "2014.08.23"]

1. d4 Nf6 2. c4 e6 3. Nf3 b6 4. g3 Bb7 5. Bg2 c5 6. e3 cxd4 7. exd4 d5 8. cxd5
Nxd5 9. O-O Be7 10. Re1 O-O 11. Nbd2 Nd7 12. Ne4 N7f6 13. Ne5 Rc8 14. Bd2 Ba8
15. a3 Nxe4 16. Bxe4 Nf6 17. Bxa8 Rxa8 18. Nc6 Qd7 19. Nxe7+ Qxe7 20. Bb4 Qd7
21. Bxf8 Kxf8 22. Qf3 Rd8 23. Rac1 Nd5 24. Rc2 b5 25. Rec1 Nb6 26. Rc7 Qe8 27.
Rxa7 Rxd4 28. Qb7 Nc4 29. Ra8 Rd8 30. Rxd8 Qxd8 31. Qxb5 Nd6 32. Qc5 Ke7 33.
Qc7+ Qxc7 34. Rxc7+ Ke8 35. Rc2 Nb5 36. a4 Nd4 37. Rd2 e5 38. Kf1 Ke7 39. Rxd4
1-0

[Event "XXXIV Festival Conca della Presolana Open A"]
[Site "Bratto - Castione della Presolana ITA"]
[Date "2014.08.24"]
[Round "2"]
[White "D'Amato, Piergiorgio"]
[Black "Rorato, Renzo"]
[WhiteElo "1833"]
[BlackElo "2012"]
[Result "1/2-1/2"]
[PlyCount "78"]
[EventDate "2014.08.23"]

1. e4 c5 2. Nf3 Nf6 3. Nc3 Nc6 4. d4 d5 5. e5 cxd4 6. Ne2 Ne4 7. Nexd4 Bg4 8.
Be2 e6 9. c3 a6 10. Be3 Qc7 11. h3 Bh5 12. Bf4 Be7 13. O-O Rc8 14. Rc1 h6 15.
Nd2 Bxe2 16. Qxe2 Nxd2 17. Qxd2 O-O 18. Nf3 Rfe8 19. Rfe1 Bf8 20. Nh2 Qd8 21.
Ng4 Ne7 22. Ne3 Ng6 23. Bh2 Qg5 24. Qe2 Nf4 25. Bxf4 Qxf4 26. Nc2 Bc5 27. Rcd1
Rc7 28. Rd3 Rec8 29. Rf3 Qg5 30. Rd1 b5 31. a3 Rc6 32. Kh1 R6c7 33. Rg3 Qf4 34.
Nd4 Bxd4 35. Rxd4 Qc1+ 36. Rd1 Qf4 37. Rd4 Qc1+ 38. Rd1 Qf4 39. Rd4 Qc1+
1/2-1/2

[Event "XXXIV Festival Conca della Presolana Open A"]
[Site "Bratto - Castione della Presolana ITA"]
[Date "2014.08.24"]
[Round "2"]
[White "Dormio, Luca"]
[Black "Scagliotti, Guglielmo"]
[WhiteElo "1840"]
[BlackElo "1910"]
[Result "1/2-1/2"]
[PlyCount "40"]
[EventDate "2014.08.23"]

1. b3 d5 2. Bb2 c5 3. Nf3 Nc6 4. e3 Nf6 5. c4 e6 6. Be2 Be7 7. O-O O-O 8. d4 b6
9. Nbd2 Bb7 10. Ne5 Nxe5 11. dxe5 Ne4 12. Nxe4 dxe4 13. Qc2 Qc7 14. Rfd1 Rfd8
15. Bf1 Rxd1 16. Rxd1 Rd8 17. g3 Rxd1 18. Qxd1 g6 19. Bg2 Bf8 20. Qc2 Qc6
1/2-1/2

[Event "XXXIV Festival Conca della Presolana Open A"]
[Site "Bratto - Castione della Presolana ITA"]
[Date "2014.08.24"]
[Round "2"]
[White "Dubois, Martine"]
[Black "Milanesi, Erminio"]
[WhiteElo "2003"]
[BlackElo "1794"]
[Result "1-0"]
[PlyCount "41"]
[EventDate "2014.08.23"]

1. e4 g6 2. d4 f6 3. Nf3 Nh6 4. Bc4 e6 5. Nc3 Nf7 6. e5 d5 7. exd6 Nxd6 8. Bb3
Bg7 9. O-O Kf7 10. Ne2 Nc6 11. d5 Na5 12. dxe6+ Bxe6 13. Bxe6+ Kxe6 14. Nf4+
Kd7 15. Qd5 Nac4 16. Qe6+ Kc6 17. Nd4+ Kc5 18. Qd5+ Kb6 19. Nfe6 Qd7 20. Qc5+
Ka6 21. Nxc7+ 1-0

[Event "XXXIV Festival Conca della Presolana Open A"]
[Site "Bratto - Castione della Presolana ITA"]
[Date "2014.08.24"]
[Round "2"]
[White "Foglieni, Matteo"]
[Black "Pirrello, Christian"]
[WhiteElo "1961"]
[BlackElo "1691"]
[Result "1-0"]
[PlyCount "67"]
[EventDate "2014.08.23"]

1. Nf3 Nf6 2. g3 g6 3. Bg2 Bg7 4. O-O O-O 5. c4 d6 6. Nc3 e5 7. d3 Nbd7 8. Ne1
Ne8 9. Rb1 a5 10. Bd2 Nc5 11. Be3 Ne6 12. Qc1 f5 13. Nc2 f4 14. Bd2 c6 15. b4
axb4 16. Rxb4 g5 17. Qb1 g4 18. Re1 Qg5 19. Na4 Qh5 20. Nb6 Rf6 21. Nxa8 Rh6
22. h4 gxh3 23. Bf3 h2+ 24. Kh1 Qh3 25. Bg2 Qg4 26. Ne3 fxe3 27. Bxe3 Nf4 28.
Bf3 Qg5 29. c5 Bg4 30. gxf4 Bxf3+ 31. exf3 Qh5 32. Qd1 Qh3 33. f5 Rh5 34. Rg4
1-0

[Event "XXXIV Festival Conca della Presolana Open A"]
[Site "Bratto - Castione della Presolana ITA"]
[Date "2014.08.24"]
[Round "2"]
[White "Gardi, Giuseppe"]
[Black "Bex, Lennert"]
[WhiteElo "1965"]
[BlackElo "1882"]
[Result "1/2-1/2"]
[PlyCount "117"]
[EventDate "2014.08.23"]

1. d4 d6 2. c4 g6 3. Nc3 Bg7 4. e4 Nf6 5. Nge2 O-O 6. Ng3 e5 7. d5 Ng4 8. h3
Nh6 9. h4 f5 10. Be2 f4 11. Nf1 Bf6 12. h5 g5 13. Nh2 Qd7 14. f3 Qf7 15. Ng4
Nxg4 16. fxg4 h6 17. Qc2 Nd7 18. Nd1 Bd8 19. Bf3 Nf6 20. Nf2 Qd7 21. b4 c6 22.
O-O a5 23. Ba3 axb4 24. Bxb4 c5 25. Bc3 Qa4 26. Qb3 b6 27. Rfc1 Bd7 28. Bd1 Qa6
29. a4 Qc8 30. Bd2 Nxg4 31. Nxg4 Bxg4 32. Bxg4 Qxg4 33. Qf3 Qd7 34. g4 Rxa4 35.
Kf2 Bc7 36. Rab1 Rfa8 37. Rb5 Rxc4 38. Rcb1 Rc2 39. R5b2 Ra2 40. Rxc2 Rxc2 41.
Qd3 Qa4 42. Kf3 Ra2 43. Bc1 Qc2 44. Qxc2 Rxc2 45. Ra1 b5 46. Ra8+ Kf7 47. Bxf4
gxf4 48. Ra7 b4 49. Rxc7+ Kf6 50. Rd7 Rc3+ 51. Kf2 Re3 52. Rxd6+ Kg7 53. Rc6
Rxe4 54. Rxc5 Rd4 55. Kf3 b3 56. Rb5 Kf6 57. Rxb3 Rxd5 58. Rb6+ Kg7 59. Ke4
1/2-1/2

[Event "XXXIV Festival Conca della Presolana Open A"]
[Site "Bratto - Castione della Presolana ITA"]
[Date "2014.08.24"]
[Round "2"]
[White "Gennaro, Isabella"]
[Black "Lavorgna, Filippo"]
[WhiteElo "1819"]
[BlackElo "1753"]
[Result "1-0"]
[PlyCount "69"]
[EventDate "2014.08.23"]

1. e4 c6 2. d4 d5 3. e5 Bf5 4. Nc3 e6 5. g4 Bg6 6. Nge2 h6 7. h4 Ne7 8. Nf4 Bh7
9. g5 hxg5 10. hxg5 Bxc2 11. Qf3 Rxh1 12. Qxh1 Qb6 13. Nfe2 Bd3 14. Qf3 Bxe2
15. Nxe2 Nf5 16. g6 Bb4+ 17. Kd1 fxg6 18. Qg4 Kf7 19. a3 Be7 20. Nf4 Qxd4+ 21.
Bd2 Qxe5 22. Qxg6+ Kg8 23. Qe8+ Bf8 24. Nxe6 Na6 25. Qxa8 Qxe6 26. Bxa6 bxa6
27. Bb4 Nd6 28. Qxc6 Qg4+ 29. Kc2 Qe4+ 30. Kb3 Nc4 31. Re1 Qd3+ 32. Ka2 Bxb4
33. Qe8+ Bf8 34. Qe6+ Kh7 35. Rh1+ 1-0

[Event "XXXIV Festival Conca della Presolana Open A"]
[Site "Bratto - Castione della Presolana ITA"]
[Date "2014.08.24"]
[Round "2"]
[White "Guerini, Sara"]
[Black "Bettini, Alessandro"]
[WhiteElo "1766"]
[BlackElo "1829"]
[Result "0-1"]
[PlyCount "76"]
[EventDate "2014.08.23"]

1. e4 g6 2. d4 Bg7 3. Nf3 d6 4. Nc3 c6 5. Be3 Nf6 6. Bd3 Ng4 7. Bd2 a6 8. a4 c5
9. Ne2 Nc6 10. c3 Bd7 11. h3 Nh6 12. Qc1 Ng8 13. b3 Rc8 14. Qd1 e6 15. O-O Nge7
16. Be3 cxd4 17. Nexd4 O-O 18. Rc1 d5 19. Qd2 dxe4 20. Bxe4 e5 21. Ne2 Be6 22.
Qc2 f5 23. Ng5 Bf7 24. Bd3 Nb4 25. Qb1 Nxd3 26. Rfd1 e4 27. Nf4 Nd5 28. Nxd3
Nxe3 29. Nxf7 Rxf7 30. fxe3 exd3 31. Rxd3 Qb6 32. b4 Re7 33. a5 Qa7 34. Rcd1
Rxe3 35. Kf1 Rxd3 36. Rxd3 Qb8 37. Qe1 Re8 38. Qd2 Qe5 0-1

[Event "XXXIV Festival Conca della Presolana Open A"]
[Site "Bratto - Castione della Presolana ITA"]
[Date "2014.08.24"]
[Round "2"]
[White "Listello, Massimiliano"]
[Black "Guerini, Silvia jr"]
[WhiteElo "1787"]
[BlackElo "1858"]
[Result "0-1"]
[PlyCount "68"]
[EventDate "2014.08.23"]

1. e4 d5 2. exd5 Qxd5 3. Nc3 Qa5 4. d4 Nf6 5. Nf3 c6 6. Bc4 Bf5 7. Bd2 e6 8.
Nd5 Qd8 9. Nxf6+ Qxf6 10. Bg5 Qg6 11. h4 Bxc2 12. Qd2 Qe4+ 13. Kf1 Bb1 14. Ne1
h6 15. f3 Qh7 16. Bf4 h5 17. Qe3 Be7 18. a4 Bf5 19. Nd3 Nd7 20. a5 O-O 21. Nf2
c5 22. d5 exd5 23. Bxd5 Rae8 24. Qb3 b6 25. g4 Bc2 26. Qb5 Nf6 27. Bc6 Rd8 28.
g5 Nd5 29. Bxd5 Rxd5 30. axb6 axb6 31. Kg2 Qf5 32. Rhe1 Qxf4 33. Rxe7 Qxh4 34.
f4 Qxf4 0-1

[Event "XXXIV Festival Conca della Presolana Open A"]
[Site "Bratto - Castione della Presolana ITA"]
[Date "2014.08.24"]
[Round "2"]
[White "Mortola, Alberto"]
[Black "Gagliardi, Claudio"]
[WhiteElo "1949"]
[BlackElo "1779"]
[Result "1/2-1/2"]
[PlyCount "105"]
[EventDate "2014.08.23"]

1. c4 c5 2. g3 g6 3. Bg2 Bg7 4. Nf3 Nc6 5. Nc3 d6 6. d3 e5 7. O-O Nge7 8. e4
O-O 9. Bg5 f6 10. Be3 Be6 11. Qd2 Qd7 12. Nd5 Nd4 13. Nxd4 exd4 14. Bh6 Nc6 15.
Bxg7 Kxg7 16. f4 f5 17. Rae1 Rae8 18. a3 fxe4 19. dxe4 b6 20. b4 Rf7 21. b5 Ne7
22. Qd3 Nxd5 23. cxd5 Bh3 24. Rf2 Bxg2 25. Kxg2 Rfe7 26. Rfe2 Qg4 27. e5 dxe5
28. fxe5 Qd7 29. Qc4 Rf8 30. e6 Qd6 31. Qd3 Qxd5+ 32. Qe4 Qxe4+ 33. Rxe4 Rd8
34. Rd1 Rd6 35. Rde1 Rd5 36. a4 Rd6 37. Kf3 Kf6 38. Rf4+ Kg7 39. Rfe4 Kf6 40.
Rf4+ Kg7 41. Rfe4 Rd5 42. Ke2 Kf6 43. Kd3 Rf5 44. Kc4 Kg7 45. g4 Rf8 46. h4 h6
47. Kd3 g5 48. hxg5 hxg5 49. Kc4 Rd8 50. Kd3 Rd6 51. Re5 Kf6 52. Rf5+ Kg6 53.
Rfe5 1/2-1/2

[Event "XXXIV Festival Conca della Presolana Open A"]
[Site "Bratto - Castione della Presolana ITA"]
[Date "2014.08.24"]
[Round "2"]
[White "Nunziata, Vincenzo"]
[Black "Oppici, Gabriele"]
[WhiteElo "1911"]
[BlackElo "1963"]
[Result "1/2-1/2"]
[PlyCount "53"]
[EventDate "2014.08.23"]

1. d4 d6 2. Nf3 Bg4 3. Bf4 Bxf3 4. gxf3 Nd7 5. Bh3 Ngf6 6. Bg3 g6 7. Nd2 Bg7 8.
c3 c5 9. O-O O-O 10. Qb3 b6 11. Rfd1 Nh5 12. Nf1 Qc7 13. Rac1 Kh8 14. Bg2 Rae8
15. f4 Bh6 16. e3 Nxg3 17. Nxg3 Bg7 18. Qa4 Rb8 19. Qb5 Nf6 20. e4 e5 21. fxe5
dxe5 22. d5 Rbd8 23. Qc6 Qd6 24. Bh3 Bh6 25. Qxd6 Rxd6 26. Rc2 Bf4 27. Re2
1/2-1/2

[Event "XXXIV Festival Conca della Presolana Open A"]
[Site "Bratto - Castione della Presolana ITA"]
[Date "2014.08.24"]
[Round "2"]
[White "Oteri, Aldo"]
[Black "Villa, Claudio"]
[WhiteElo "1752"]
[BlackElo "1796"]
[Result "1/2-1/2"]
[PlyCount "89"]
[EventDate "2014.08.23"]

1. e4 c6 2. d4 d5 3. exd5 cxd5 4. c4 Nf6 5. Nc3 e6 6. Nf3 Bb4 7. Qc2 O-O 8. Bd3
dxc4 9. Bxc4 Nc6 10. a3 Nxd4 11. Nxd4 Qxd4 12. Bd3 Rd8 13. axb4 Qxd3 14. Qxd3
Rxd3 15. Be3 a6 16. h3 Bd7 17. Ke2 Rd6 18. b5 Be8 19. Bf4 Rd7 20. Rhc1 Nd5 21.
Nxd5 Rxd5 22. bxa6 Bb5+ 23. Ke1 bxa6 24. Rd1 h6 25. Rxd5 exd5 26. Be3 Re8 27.
Kd2 f5 28. Kc3 Re4 29. g3 Kf7 30. b3 g5 31. Rg1 Kg6 32. Rd1 f4 33. gxf4 gxf4
34. Bc1 Bc6 35. Rd4 Kf5 36. f3 Rxd4 37. Kxd4 Bb5 38. Kxd5 Be2 39. Kd4 Bxf3 40.
Kd3 Bg2 41. h4 Kg4 42. Bd2 Bf1+ 43. Ke4 f3 44. Be1 Be2 45. b4 1/2-1/2

[Event "XXXIV Festival Conca della Presolana Open A"]
[Site "Bratto - Castione della Presolana ITA"]
[Date "2014.08.24"]
[Round "2"]
[White "Papa, Angelo"]
[Black "Mascheroni, Maurizio"]
[WhiteElo "1754"]
[BlackElo "1996"]
[Result "1/2-1/2"]
[PlyCount "41"]
[EventDate "2014.08.23"]

1. d4 Nf6 2. c4 e6 3. Nf3 b6 4. Bf4 Bb7 5. e3 Bb4+ 6. Nc3 Ne4 7. Qc2 d6 8. h4
Nd7 9. Bd3 Bxc3+ 10. bxc3 f5 11. Ng5 Nxg5 12. Bxg5 Nf6 13. f3 h6 14. Bxf6 Qxf6
15. O-O-O O-O 16. e4 fxe4 17. Bxe4 Bxe4 18. Qxe4 Qf4+ 19. Qxf4 Rxf4 20. Rde1
Re8 21. Re3 1/2-1/2